Statistiken für Meister der Primeira Liga

Klicken Sie hier um das Quiz zu spielen!

Allgemein

  • Dieses Quiz wurde 189 mal gespielt
    (114 seit der letzten Aktualisierung)
  • Das Durchschnittsergebnis liegt bei 86 aus 89

Antwortstatistiken

JahrVerein% Korrekt
1934/35FC Porto
100%
2002/03FC Porto
100%
1985/86FC Porto
100%
1987/88FC Porto
100%
1989/90FC Porto
100%
1991/92FC Porto
100%
1992/93FC Porto
100%
1994/95FC Porto
100%
1995/96FC Porto
100%
1996/97FC Porto
100%
1997/98FC Porto
100%
1998/99FC Porto
100%
2003/04FC Porto
100%
1977/78FC Porto
100%
2005/06FC Porto
100%
2006/07FC Porto
100%
2007/08FC Porto
100%
2008/09FC Porto
100%
2010/11FC Porto
100%
2011/12FC Porto
100%
2012/13FC Porto
100%
2017/18FC Porto
100%
2019/20FC Porto
100%
2021/22FC Porto
100%
1984/85FC Porto
100%
1978/79FC Porto
100%
1955/56FC Porto
100%
1938/39FC Porto
100%
1939/40FC Porto
100%
1958/59FC Porto
100%
1960/61Benfica Lissabon
98%
1944/45Benfica Lissabon
98%
1956/57Benfica Lissabon
98%
1988/89Benfica Lissabon
98%
1990/91Benfica Lissabon
98%
1993/94Benfica Lissabon
98%
1949/50Benfica Lissabon
98%
2004/05Benfica Lissabon
98%
1941/42Benfica Lissabon
98%
1942/43Benfica Lissabon
98%
2009/10Benfica Lissabon
98%
2013/14Benfica Lissabon
98%
2014/15Benfica Lissabon
98%
2015/16Benfica Lissabon
98%
2016/17Benfica Lissabon
98%
2018/19Benfica Lissabon
98%
1937/38Benfica Lissabon
98%
1936/37Benfica Lissabon
98%
1986/87Benfica Lissabon
98%
1954/55Benfica Lissabon
98%
1983/84Benfica Lissabon
98%
1959/60Benfica Lissabon
98%
1972/73Benfica Lissabon
98%
1971/72Benfica Lissabon
98%
1976/77Benfica Lissabon
98%
1970/71Benfica Lissabon
98%
1968/69Benfica Lissabon
98%
1967/68Benfica Lissabon
98%
1966/67Benfica Lissabon
98%
1975/76Benfica Lissabon
98%
1964/65Benfica Lissabon
98%
1935/36Benfica Lissabon
98%
1963/64Benfica Lissabon
98%
1980/81Benfica Lissabon
98%
1962/63Benfica Lissabon
98%
1982/83Benfica Lissabon
98%
1974/75Benfica Lissabon
98%
2022/23Benfica Lissabon
97%
1947/48Sporting Lissabon
95%
1969/70Sporting Lissabon
95%
1981/82Sporting Lissabon
95%
2020/21Sporting Lissabon
95%
1979/80Sporting Lissabon
95%
1961/62Sporting Lissabon
95%
1965/66Sporting Lissabon
95%
1953/54Sporting Lissabon
95%
1952/53Sporting Lissabon
95%
1951/52Sporting Lissabon
95%
1950/51Sporting Lissabon
95%
1957/58Sporting Lissabon
95%
1940/41Sporting Lissabon
95%
1948/49Sporting Lissabon
95%
1999/00Sporting Lissabon
95%
1973/74Sporting Lissabon
95%
1943/44Sporting Lissabon
95%
2001/02Sporting Lissabon
95%
1946/47Sporting Lissabon
95%
2000/01Boavista
30%
1945/46Os Belenenses
11%

Verteilung der Resultate

Perzentil nach korrekt beantworteten Fragen

Anzahl Personen mit jedem Resultat

Ihre Resultats-Entwicklung

Sie haben dieses Quiz seit der letzten Aktualisierung nicht gespielt